MARC

Tag First Indicator Second Indicator Subfields
LEADER 00000cam a2200000Ia 4500
001 in00002454792
005 20210810091428.0
006 m d
007 cr cn|||||||||
008 080327s2007 gw ac sb 001 0 eng d
020 |a 3527619747 
020 |a 9783527619740 
035 |a (OCoLC)214281672 
035 |a (OCoLC)ocn214281672 
037 |a 10.1002/9783527619740  |b Wiley InterScience  |n http://www3.interscience.wiley.com 
040 |a DG1  |c DG1  |d UtOrBLW 
049 |a TEFA 
050 1 4 |a RM282.I44  |b H36 2007eb 
060 1 4 |a 2007 C-116 
060 1 4 |a QW 575  |b H2368 2007 
082 0 4 |a 615.37  |2 22 
245 0 0 |a Handbook of therapeutic antibodies /  |c edited by Stefan Dübel. 
264 1 |a Weinheim :  |b Wiley-VCH,  |c [2007] 
264 4 |c ©2007 
300 |a 3 volumes (xxxiii, 1188 pages) :  |b illustrations, portraits ;  |c 25 cm. 
336 |a text  |b txt  |2 rdacontent 
337 |a computer  |b c  |2 rdamedia 
338 |a online resource  |b cr  |2 rdacarrier 
500 |a Electronic resource. 
504 |a Includes bibliographical references and index. 
505 0 |a v. 1. Technologies -- v. 2. Emerging developments. -- v. 3. Approved therapeutics. 
533 |a Electronic reproduction.  |b Hoboken, N.J. :  |c Wiley InterScience,  |d 2008.  |n Mode of access: World Wide Web.  |n System requirements: Web browser.  |n Title from title screen (viewed on Mar. 27, 2008).  |n Access may be restricted to users at subscribing institutions. 
650 1 2 |a Antibodies  |x pharmacology.  |0 https://id.nlm.nih.gov/mesh/D000906Q000494 
650 1 2 |a Antibodies  |x therapeutic use.  |0 https://id.nlm.nih.gov/mesh/D000906Q000627 
650 2 2 |a Biotechnology  |x methods.  |0 https://id.nlm.nih.gov/mesh/D001709Q000379 
650 2 2 |a Genetic Engineering  |x methods.  |0 https://id.nlm.nih.gov/mesh/D005818Q000379 
650 0 |a Immunoglobulins  |x Biotechnology.  |0 http://id.loc.gov/authorities/subjects/sh2010002784 
650 0 |a Immunoglobulins  |x Therapeutic use. 
650 0 |a Immunopharmacology.  |0 http://id.loc.gov/authorities/subjects/sh85064586 
655 7 |a Electronic books.  |2 local 
700 1 |a Dübel, Stefan.  |0 http://id.loc.gov/authorities/names/n99017856 
710 2 |a Wiley InterScience (Online service)  |0 http://id.loc.gov/authorities/names/no00037213 
776 1 |c Original  |z 9783527314539  |z 3527314539  |w (OCoLC)75714137 
856 4 0 |u http://proxy.library.tamu.edu/login?url=https://dx.doi.org/10.1002/9783527619740  |z Connect to the full text of this electronic book  |t 0 
994 |a C0  |b TEF 
999 |a MARS 
999 f f |s b76ba6be-115c-3696-88b5-6d12f58baa4a  |i 6d7f88ce-1675-383f-817e-63132950818b  |t 0 
952 f f |a Texas A&M University  |b College Station  |c Electronic Resources  |d Available Online  |t 0  |e RM282.I44 H36 2007eb  |h Library of Congress classification 
998 f f |a RM282.I44 H36 2007eb  |t 0  |l Available Online